| 000 | 00499nam a22001577a 4500 | ||
|---|---|---|---|
| 003 | OSt | ||
| 005 | 20190629125114.0 | ||
| 008 | 190629b xxu||||| |||| 00| 0 eng d | ||
| 040 | _cmacl | ||
| 082 | _a400 | ||
| 100 |
_aचन्द्र,रमेश _975674 |
||
| 245 | _aव्यावहारिक अनुवाद कला | ||
| 260 |
_aदिल्ली _bनीलकंठ प्रकाशन _c2014 |
||
| 650 |
_aअनुवाद कला _975675 |
||
| 942 |
_2ddc _cHIN |
||
| 999 |
_c60354 _d60354 |
||